Evaluating contract claims (Record no. 109075)

MARC details
000 -LEADER
fixed length control field 02665cam a22003015a 4500
001 - CONTROL NUMBER
control field L146215
008 - FIXED-LENGTH DATA ELEMENTS--GENERAL INFORMATION
fixed length control field 081216s2008 xxk f g 001 0 eng d
020 ## - INTERNATIONAL STANDARD BOOK NUMBER
International Standard Book Number 9781444301472
035 ## - SYSTEM CONTROL NUMBER
System control number (Sirsi) u146215
041 0# - LANGUAGE CODE
Language code of text/sound track or separate title eng
050 04 - LIBRARY OF CONGRESS CALL NUMBER
Classification number 692.8 $2 18
100 1# - MAIN ENTRY--PERSONAL NAME
Personal name Davidson, Peter
245 00 - TITLE STATEMENT
Title Evaluating contract claims
Medium [electronic resource]
250 ## - EDITION STATEMENT
Edition statement 2nd ed.
260 ## - PUBLICATION, DISTRIBUTION, ETC.
Place of publication, distribution, etc. Chichester
Name of publisher, distributor, etc. Blackwell Publishing Ltd
Date of publication, distribution, etc. 2008
300 ## - PHYSICAL DESCRIPTION
Extent eBook
505 2# - FORMATTED CONTENTS NOTE
Formatted contents note Introduction: risk analysis and management; risks and records; reimbursable risks; non-reimbursable risks; sources of change and disruption -- Establishing the base: planned change; unplanned change -- Effect of change on programmes of work: use of programmes; use of built programmes; change without prolongation; prolongation of the works; analysis of time and delay -- Sources of financial information for evaluation: the contract provisions; tender documents and information; tender calculations and assumptions; invoices and cost records; accounting information -- Evaluation of the direct consequences of change: unit rates and prices; unit costs; subcontractor and supplier costs -- Evaluation of the time consequences of change: the causal link; prolongation; disruption; acceleration; global claims; overheads and profit; formula approaches -- Other sources of claims: letters of intent; termination of employment; errors, omissions and contradictions; fluctuations in prices; incomplete and defective work, etc. -- Minimising the consequences of change: contract preparation; alliance and partnering contracts; early warning systems; the claims industry -- Appendices: example of financial accounts; example of management accounts -- Table of cases
520 ## - SUMMARY, ETC.
Summary, etc. Textbook offers overview and advice on various aspects of contract variations or disruption and aims to offer more detailed guidance on what should be included in payments (an area that is often fraught with confusion). This version is updated from the original printing and covers the revised JCT 2005 contracts and the 2005 New Engineering Contract, as well as commentary and examples drawn from recent case law. Focuses on the quantification of claims, as opposed to the establishment of liability and the specific requirements of individual forms of contract.
521 ## - TARGET AUDIENCE NOTE
Target audience note Advanced
590 ## - LOCAL NOTE (RLIN)
Local note KA
650 24 - SUBJECT ADDED ENTRY--TOPICAL TERM
Topical term or geographic name entry element EBOOK
651 #4 - SUBJECT ADDED ENTRY--GEOGRAPHIC NAME
Geographic name United Kingdom
Chronological subdivision
690 ## - LOCAL SUBJECT ADDED ENTRY--TOPICAL TERM (OCLC, RLIN)
Topical term or geographic name as entry element BUILT ENVIRONMENT-BUILDING CONTRACT FORMS-STANDARD FORMS OF BUILDING CONTRACT
700 1# - ADDED ENTRY--PERSONAL NAME
Personal name Mullen, John
856 48 - ELECTRONIC LOCATION AND ACCESS
Uniform Resource Identifier <a href="https://www.vlebooks.com/">https://www.vlebooks.com/</a>
Public note View on VLEbooks. Logins for members only from [email protected]
942 ## - ADDED ENTRY ELEMENTS (KOHA)
Suppress in OPAC 0
Holdings
Withdrawn status Lost status Source of classification or shelving scheme Damaged status Not for loan Home library Current library Shelving location Date acquired Cost, normal purchase price Total Checkouts Full call number Barcode Date last seen Date last checked out Copy number Cost, replacement price Price effective from Koha item type
    Dewey Decimal Classification     Virtual Virtual Online 27/01/2009 65.00 10 EBOOK 30079643 06/08/2019 21/01/2010 1 65.00 06/08/2019 Book